UBT Library

Firestarters : (Record no. 40813)

000 -LEADER
fixed length control field 00813cam a22002414a 4500
001 - CONTROL NUMBER
control field 14204830
005 - DATE AND TIME OF LATEST TRANSACTION
control field 20180124033308.0
008 - FIXED-LENGTH DATA ELEMENTS--GENERAL INFORMATION
fixed length control field 051219s2006 inua 001 0 eng
010 ## - LIBRARY OF CONGRESS CONTROL NUMBER
LC control number 2005036852
020 ## - INTERNATIONAL STANDARD BOOK NUMBER
International Standard Book Number 1593573103 (pbk. : alk. paper)
035 ## - SYSTEM CONTROL NUMBER
System control number (OCoLC)ocm62878359
040 ## - CATALOGING SOURCE
Original cataloging agency DLC
Transcribing agency DLC
Modifying agency YDX
-- BAKER
-- NPL
-- CRH
-- QBX
-- DLC
041 ## - LANGUAGE CODE
Language code of text/sound track or separate title eng
042 ## - AUTHENTICATION CODE
Authentication code pcc
080 ## - UNIVERSAL DECIMAL CLASSIFICATION NUMBER
Universal Decimal Classification number 331.702082 KEL
082 00 - DEWEY DECIMAL CLASSIFICATION NUMBER
Classification number 331.702082 KEL
Edition number 22
100 1# - Rafti
Rafti 2
101 ## - Shkurtesa
Shkurtesa INF
245 10 - TITLE STATEMENT
Title Firestarters :
Statement of responsibility, etc Kelly Beatty, Dale Salvaggio Bradshaw.
906 ## - LOCAL DATA ELEMENT F, LDF (RLIN)
a 7
b cbc
c orignew
d 1
e ecip
f 20
g y-gencatlg
942 ## - ADDED ENTRY ELEMENTS (KOHA)
Source of classification or shelving scheme
Item type Books
Holdings
Withdrawn status Lost status Source of classification or shelving scheme Damaged status Not for loan Collection code Permanent location Current location Shelving location Date acquired Total Checkouts Full call number Barcode Date last seen Price effective from Koha item type
          Koleksioni i përgjithshem UBT - Lipjan UBT - Lipjan Koleksioni i përgjithshem 01/24/2018   331.702082 KEL 002-2996357 01/24/2018 01/24/2018 Books
UBT Library © 2015-2024. All rights reserved University Education for Business and Technology